| 000 | 00366nam a2200145Ia 4500 | ||
|---|---|---|---|
| 008 | 150201s2008 xx 000 0 und d | ||
| 082 |
_a617.6 _bE2008J |
||
| 100 | _aJOSE,MAJI | ||
| 245 | _aESSENTIALS OF ORAL BIOLOGY | ||
| 250 | _a1ST | ||
| 260 |
_bC.B.S PUBLISHERS & DISTRIBUTERS _aDELHI _c2008 |
||
| 300 | _a1-364 | ||
| 650 | _aDENTAL ANATOMY | ||
| 942 |
_2ddc _cBK _06 |
||
| 999 |
_c4508 _d4508 |
||